• 首页
  • 本馆介绍
  • 公告通知
  • 最新文献
  • 馆藏检索
  • 电子资源
  • 读者导购
  • 参考咨询
  • 我的图书馆
  • 登录
  • 详细信息显示
  • 放入我的书架
  • 预约/预借图书
  • 作者相关作品
  • 分类相关作品
  • 丛书相关作品
  • 出版社相关作品

书目信息

  • 表格格式
  • 工作单格式
  • 卡片格式
题名:
与枪口对话
    
 
作者: 王毓国 著
分册:  
出版信息: 北京   知识出版社  2002.05
页数: 214页
开本: 21cm
丛书名:
单 册:
中图分类: D737.20
科图分类:
主题词: 哈布尔--概况
电子资源:
ISBN: 7-5015-3417-9
000 00634nam0 2200205 45
001 0402022330
005 20040202233301.3
010    @a7-5015-3417-9@dCNY13.80
100    @a20040202d2002 km y0chiy0120 ea
101 0  @achi
105    @aa z 000yy
200 1  @a与枪口对话@AYu Qiang Kou Dui Hua@e阿富汗采访纪实@EA Fu Han Cai Fang JiShi@f王毓国著@FWang Yu Guo Zhu
210    @a北京@c知识出版社@d2002.05
215    @a214页@c照片@d21cm
517 1  @a阿富汗采访纪实@AA Fu Han Cai Fang Ji Shi
606 0  @a哈布尔@x概况
690    @aD737.20@v4
701    @a王毓国@4著
801    @aCN@bTSTCL@c20040202
905    @b333419-423@dD737.20@e222@f5
    
    与枪口对话:阿富汗采访纪实/王毓国著.-北京:知识出版社,2002.05
    214页:照片;21cm
    
    
    ISBN 7-5015-3417-9:CNY13.80
    
●
相关链接 在E读中查询图书 在五车中查询图书 在当当中查询图书 在豆瓣中查询图书


正题名:与枪口对话     索取号:D737.20/222         预约/预借

序号 登录号 条形码 馆藏地/架位号 状态 备注
1 0333419   203334196   第一借阅区/ [索取号:D737.20/222] 在馆    
2 0333420   203334203   第一借阅区/ [索取号:D737.20/222] 在馆    
3 0333421   203334212   第一借阅区/ [索取号:D737.20/222] 在馆    
4 0333422   203334221   第一借阅区/ [索取号:D737.20/222] 在馆    
5 0333423   203334230   第一借阅区/ [索取号:D737.20/222] 在馆    
唐山师范学院图书馆 欢迎您!
大连网信软件有限公司© 版权所有